Daniel K. Inouye International Airport (Honolulu) Destinations - Statistics

General Stats
  • This quiz has been taken 109 times
    13 since last reset
  • The average score is 49 of 59
Answer Stats
Hint Airlines Answer % Correct
United States Alaska Anchorage (AK)
100%
United States Delta Atlanta (GA)
100%
New Zealand Hawaiian, Air New Zealand Auckland
100%
Canada WestJet Calgary (AB)
100%
United States American, United Chicago (O'Hare) (IL)
100%
United States American Dallas/Fort Worth (TX)
100%
United States United Denver (CO)
100%
Canada WestJet Edmonton (AB)
100%
United States (Territory) United Guam
100%
United States United Houston (Bush) (TX)
100%
United States Southwest, Hawaiian Kailua-Kona (HI)
100%
United States American, Delta, United, Southwest, Alaska, Hawaiian Los Angeles (CA)
100%
Philippines Philippine Manila
100%
Australia Qantas Melbourne (VCT)
100%
United States United Newark (NJ)
100%
United States Delta, Hawaiian New York City (JFK) (NY)
100%
Japan Hawaiian, Japan Osaka (Kansai)
100%
United States American, Southwest, Hawaiian Phoenix (AZ)
100%
United States Southwest, Hawaiian Sacramento (CA)
100%
United States Southwest, Hawaiian San Diego (CA)
100%
United States United, Hawaiian San Francisco (CA)
100%
United States Delta, Alaska, Hawaiian Seattle/Tacoma (WA)
100%
South Korea Korean Air, Asiana, Air Premia Seoul (Incheon)
100%
Australia Hawaiian, Qantas Sydney (NSW)
100%
Japan Delta, Hawaiian, All Nippon Airways, Japan Tokyo (Haneda)
100%
Japan All Nippon Airways, Japan, Zipair Tokyo Tokyo (Narita)
100%
Canada Air Canada Toronto (Pearson) (ON)
100%
Canada Air Canada, WestJet Vancouver (BC)
100%
United States United Washington (Dulles) (DC/VA)
100%
United States Delta Detroit (MI)
90%
United States Southwest, Hawaiian Hilo (HI)
90%
United States Delta Minneapolis/St. Paul (MN)
90%
Fiji Fiji Airways Nadi (Suva)
90%
Japan Japan Nagoya (Centrair)
90%
United States Hawaiian Portland (OR)
90%
United States Delta, Hawaiian Salt Lake City (UT)
90%
United States Southwest, Hawaiian San Jose (CA)
90%
Samoa Fiji Airways Apia
80%
United States Southwest, Hawaiian Kahului (HI)
80%
United States Southwest, Hawaiian Las Vegas (NV)
80%
United States Southwest, Hawaiian Lihue (HI)
80%
United States Southwest, Hawaiian Oakland (CA)
80%
France (Territory) Hawaiian Papeete (Tahiti, F.P.)
80%
United States Southwest, Alaska Burbank (CA)
70%
United States Southwest, Hawaiian Long Beach (CA)
70%
United States Southwest, Alaska Ontario (CA)
70%
United States Mokulele Lanai (HI)
60%
Marshall Islands United Majuro
60%
United States Mokulele Molokai (HI)
60%
United States (Territory) Hawaiian Pago Pago (Am. Samoa)
60%
F.S. of Micronesia United Chuuk
50%
United States Alaska Everett (WA)
40%
F.S. of Micronesia United Kosrae
40%
Marshall Islands United Kwajalein
40%
F.S. of Micronesia United Pohnpei
40%
New Zealand (Territory) Hawaiian Rarotonga (Cook Islands)
40%
United States Mokulele Kalaupapa (HI)
30%
United States Mokulele Kapalua (HI)
30%
Kiribati Fiji Airways Kiritimati
30%
No matching quizzes found
Score Distribution
Percent of People with Each Score
Percentile by Number Answered
Your Score History
You have not taken this quiz since the last reset